[Event "Tashkent Schev 01"]
[Site "Tashkent"]
[Date "2024.01.27"]
[Round "7.2"]
[White "Begmuratov, Khumoyun"]
[Black "Volodin, Aleksandr"]
[Result "0-1"]
[WhiteElo "2393"]
[BlackElo "2459"]
[PlyCount "164"]
[EventDate "2024.01.23"]
[EventType "schev"]
[EventRounds "10"]
[EventCountry "UZB"]
[SourceTitle "CB05_2024"]
[SourceDate "2024.01.31"]
[SourceVersion "1"]
[SourceVersionDate "2024.01.31"]
[SourceQuality "1"]
[WhiteTeam "Uzbekistan"]
[BlackTeam "World"]
[WhiteTeamCountry "UZB"]

1. e4 c5 2. Nf3 e6 3. d4 cxd4 4. Nxd4 Nc6 5. Nc3 Qc7 6. a3 a6 7. Be3 b5 8. f4 Bb7 9. Nxc6 Qxc6 10. Bd3 Bc5 11. Bd2 f5 12. Qh5+ g6 13. Qh4 Be7 14. Qh3 Nf6 15. e5 Ng4 16. Be4 fxe4 17. Qxg4 e3 18. Bxe3 Qxg2 19. Qxg2 Bxg2 20. Rg1 Bf3 21. Kf2 Bb7 22. Ke2 Rc8 23. Kd3 0-0 24. Ne2 d6 25. Nd4 Bd5 26. b4 dxe5 27. fxe5 Bd8 28. a4 Bc7 29. Rg5 Bc4+ 30. Ke4 bxa4 31. c3 a3 32. Rxa3 Rf1 33. Rg1 Bd5+ 34. Kd3 Rxg1 35. Bxg1 Bxe5 36. Ra5 Bd6 37. h4 Bc4+ 38. Ke4 Kf7 39. Be3 Ke7 40. Bg5+ Kd7 41. Bh6 Bf1 42. Ra1 Bg2+ 43. Kd3 Bd5 44. Kd2 Bc4 45. Nf3 Kc6 46. Ke3 Kb7 47. Bg7 Bd5 48. Ng5 Rc4 49. Rf1 Rxh4 50. Bf8 Bxf8 51. Rxf8 h6 52. Nf7 Kc7 53. Rh8 h5 54. Rh7 Kb6 55. Rh6 Rg4 56. Kd2 Rg2+ 57. Ke3 Rg1 58. Kd2 a5 59. bxa5+ Kxa5 60. Ne5 Be4 61. Ke3 Bf5 62. Kf2 Rg5 63. Ke3 Kb5 64. Kd4 Rg1 65. c4+ Kb4 66. Nc6+ Kb3 67. Ne5 g5 68. Rxh5 Re1 69. Nf7 g4 70. Nh6 Re4+ 71. Kd3 Rf4+ 72. Ke3 Rf3+ 73. Kd4 Rh3 74. Rxf5 exf5 75. Nxf5 g3 76. Ne3 Rh2 77. c5 g2 78. Nxg2 Rxg2 79. Kd5 Kb4 80. c6 Kb5 81. c7 Rc2 82. Kd6 Kb6 0-1

[Event "Tashkent Schev 01"]
[Site "Tashkent"]
[Date "2024.01.26"]
[Round "6.3"]
[White "Volodin, Aleksandr"]
[Black "Suyarov, Mukhammadzokhid"]
[Result "1/2-1/2"]
[WhiteElo "2459"]
[BlackElo "2413"]
[PlyCount "82"]
[EventDate "2024.01.23"]
[EventType "schev"]
[EventRounds "10"]
[EventCountry "UZB"]
[SourceTitle "CB05_2024"]
[SourceDate "2024.01.31"]
[SourceVersion "1"]
[SourceVersionDate "2024.01.31"]
[SourceQuality "1"]
[WhiteTeam "World"]
[BlackTeam "Uzbekistan"]
[BlackTeamCountry "UZB"]

1. d4 e6 2. g3 c5 3. Nf3 cxd4 4. Nxd4 Nf6 5. Bg2 d5 6. 0-0 e5 7. Nb3 Be6 8. Bg5 Nbd7 9. e4 dxe4 10. Bxe4 Qc7 11. Bg2 Be7 12. Nc3 0-0 13. Nb5 Qb6 14. a4 a6 15. Be3 Nc5 16. Nxc5 Bxc5 17. Bxc5 Qxc5 18. Qd6 Qxc2 19. Nc7 Rad8 20. Qxe5 Bc8 21. b4 Rd7 22. Na8 Rd2 23. Nb6 Be6 24. Rac1 Qd3 25. Rc3 Qd8 26. Nc4 Ng4 27. Qc5 Rd7 28. Nb6 Rd1 29. Rc1 Rxc1 30. Rxc1 Qd2 31. Rf1 Qe2 32. a5 Ne5 33. Qc3 Nd3 34. Nd5 Bxd5 35. Bxd5 Nxf2 36. Bxf7+ Rxf7 37. Qc8+ Rf8 38. Qxf8+ Kxf8 39. Rxf2+ Qxf2+ 40. Kxf2 Ke7 41. Ke3 Kd6 1/2-1/2

[Event "Parnu Keres Memorial op"]
[Site "Parnu"]
[Date "2023.07.26"]
[Round "5"]
[White "Rychagov, Nikita1111"]
[Black "Volodin, Aleksandr"]
[Result "0-1"]
[WhiteElo "2107"]
[BlackElo "2453"]
[PlyCount "108"]
[EventDate "2023.07.24"]
[EventType "swiss"]
[EventRounds "9"]
[EventCountry "EST"]
[SourceTitle "CBM 215 Extra"]
[Source "ChessBase"]
[SourceDate "2023.09.30"]
[SourceVersion "1"]
[SourceVersionDate "2023.09.30"]
[SourceQuality "1"]

1. e4 c5 2. Nf3 e6 3. d4 cxd4 4. Nxd4 a6 5. Bd3 Qc7 6. 0-0 Nf6 7. Qe2 d6 8. c4 Nc6 9. Nxc6 bxc6 10. f4 e5 11. f5 Be7 12. Nc3 Bb7 13. Be3 h6 14. Rac1 Nd7 15. Rcd1 Rd8 16. Bc2 Qb8 17. b4 Nf6 18. a3 0-0 19. Rf3 Rfe8 20. Rg3 Kh8 21. Rh3 Bf8 22. g4 d5 23. g5 d4 24. gxh6 g6 25. Bg5 Be7 26. fxg6 fxg6 27. Nd5 cxd5 28. exd5 Bc8 29. Rg3 e4 30. Rxd4 Bf5 31. Ba4 Qe5 32. Qe3 Nh5 33. Rg2 Bxg5 34. Rxg5 Nf4 35. Kh1 Rf8 36. Rd1 Kh7 37. Rg3 Rf6 38. Bb3 Bc8 39. Bc2 Re8 40. Rdg1 Bf5 41. Ba4 Re7 42. Bb3 Nd3 43. Bc2 Bg4 44. h3 Bf3+ 45. Kh2 Nf4 46. Rg5 Rf5 47. Rxf5 gxf5 48. Rg3 Nh5 49. Qg5 Nxg3 50. Qxg3 e3 51. d6 e2 52. Bxf5+ Kxh6 53. dxe7 e1Q 54. e8Q Qh1# 0-1

[Event "Parnu Keres Memorial op"]
[Site "Parnu"]
[Date "2023.07.26"]
[Round "4"]
[White "Volodin, Aleksandr"]
[Black "Pultinevicius, Paulius"]
[Result "0-1"]
[WhiteElo "2453"]
[BlackElo "2517"]
[PlyCount "86"]
[EventDate "2023.07.24"]
[EventType "swiss"]
[EventRounds "9"]
[EventCountry "EST"]
[SourceTitle "CBM 215 Extra"]
[Source "ChessBase"]
[SourceDate "2023.09.30"]
[SourceVersion "1"]
[SourceVersionDate "2023.09.30"]
[SourceQuality "1"]

1. d4 Nf6 2. c4 e6 3. g3 d5 4. Nf3 Bb4+ 5. Bd2 Be7 6. Bg2 0-0 7. Qc2 c6 8. 0-0 Nbd7 9. a4 a5 10. Rc1 Ne4 11. Be1 f5 12. Nc3 Bf6 13. Rd1 Qe7 14. e3 Nd6 15. cxd5 exd5 16. Ne2 Ne4 17. b4 axb4 18. Rab1 Re8 19. Bxb4 Qf7 20. Ne1 Nb6 21. Ra1 Nc4 22. Nd3 g5 23. Be1 h5 24. Nb2 Nxb2 25. Qxb2 h4 26. gxh4 gxh4 27. Nf4 Bg5 28. Nd3 Qh5 29. f4 Bf6 30. Bf1 Re7 31. Qe2 Qh6 32. a5 Be6 33. Qf3 Rg7+ 34. Kh1 Bf7 35. Be2 Kh8 36. Bb4 Ng3+ 37. hxg3 hxg3+ 38. Kg2 Qh2+ 39. Kf1 g2+ 40. Ke1 g1N 41. Qf1 Nxe2 42. Qxe2 Rg2 43. Nf2 Bh4 0-1

[Event "Kuressaare EST-LAT-LTU"]
[Site "Kuressaare"]
[Date "2023.06.01"]
[Round "1.1"]
[White "Volodin, Aleksandr"]
[Black "Miezis, Normunds"]
[Result "1/2-1/2"]
[WhiteElo "2453"]
[BlackElo "2431"]
[PlyCount "142"]
[EventDate "2023.06.01"]
[EventType "team-tourn"]
[EventRounds "3"]
[EventCountry "EST"]
[SourceTitle "CBM 214 Extra"]
[Source "ChessBase"]
[SourceDate "2023.07.31"]
[SourceVersion "1"]
[SourceVersionDate "2023.07.31"]
[SourceQuality "1"]
[WhiteTeam "Estonia"]
[BlackTeam "Latvia"]
[WhiteTeamCountry "EST"]
[BlackTeamCountry "LAT"]

1. d4 Nf6 2. c4 e6 3. Nf3 Bb4+ 4. Bd2 c5 5. g3 Bxd2+ 6. Qxd2 Ne4 7. Qd3 Qa5+ 8. Nbd2 Nxd2 9. Nxd2 cxd4 10. Qxd4 0-0 11. Bg2 Nc6 12. Qd6 Qb6 13. Nb3 a5 14. 0-0 a4 15. Qa3 d5 16. Rfc1 d4 17. Nc5 e5 18. Nxa4 Qd8 19. Qb3 Ra5 20. Re1 h5 21. Nb6 Be6 22. Rac1 h4 23. Nd5 h3 24. Bh1 Qd7 25. a3 f5 26. Nb4 e4 27. Red1 Ne5 28. Nd5 Nxc4 29. Qxc4 Rxd5 30. Qc7 Rd8 31. Qf4 d3 32. exd3 Rxd3 33. Rf1 Rd1 34. Rcxd1 Qxd1 35. Qc1 Qxc1 36. Rxc1 Rd2 37. g4 g6 38. gxf5 gxf5 39. b4 b5 40. Re1 Bc4 41. f3 e3 42. f4 Rd3 43. Bc6 Rxa3 44. Bd7 Ra2 45. Rxe3 Rg2+ 46. Kh1 Rd2 47. Rg3+ Kf7 48. Bc6 Rd1+ 49. Rg1 Rd6 50. Bf3 Rd3 51. Bh5+ Kf6 52. Rg6+ Ke7 53. Rg5 Rb3 54. Kg1 Ke6 55. Bg6 Bd3 56. Rg3 Rb1+ 57. Kf2 Rb2+ 58. Ke3 Be4 59. Bh7 Rxh2 60. Rg6+ Kf7 61. Rg5 Rh1 62. Bxf5 Bxf5 63. Rxf5+ Kg6 64. Rg5+ Kh6 65. Kf2 h2 66. Kg2 Rg1+ 67. Kxh2 Rxg5 68. fxg5+ Kxg5 69. Kg3 Kf5 70. Kf3 Ke5 71. Ke3 Kd5 1/2-1/2

[Event "FIN-chT 2223"]
[Site "Finland"]
[Date "2022.09.24"]
[Round "1.1"]
[White "Volodin, Aleksandr"]
[Black "Sipila, Vilka"]
[Result "1/2-1/2"]
[WhiteElo "2429"]
[BlackElo "2433"]
[PlyCount "94"]
[EventDate "2022.09.24"]
[EventType "team-tourn"]
[EventRounds "11"]
[EventCountry "FIN"]
[SourceTitle "CBM 210 Extra"]
[Source "ChessBase"]
[SourceDate "2022.11.30"]
[SourceVersion "1"]
[SourceVersionDate "2022.11.30"]
[SourceQuality "1"]
[WhiteTeam "Tampere Tammer"]
[BlackTeam "Turku TuTS"]
[WhiteTeamCountry "FIN"]
[BlackTeamCountry "FIN"]

1. d4 Nf6 2. c4 e6 3. g3 d5 4. Nf3 Bb4+ 5. Bd2 Be7 6. Qc2 0-0 7. Bg2 c6 8. 0-0 b6 9. Bf4 Bb7 10. Nbd2 Nbd7 11. e4 Nh5 12. cxd5 Nxf4 13. gxf4 cxd5 14. e5 Rc8 15. Qd3 Qc7 16. Rfb1 Nb8 17. Bf1 Ba6 18. Qe3 Qc2 19. a3 Bxf1 20. Nxf1 Nc6 21. Ng3 Na5 22. Ne1 Qb3 23. Qe2 Qa4 24. b4 Nc6 25. Rd1 g6 26. Nf3 a5 27. Kg2 Rc7 28. h4 Na7 29. Ng5 h6 30. Nf3 Nb5 31. Rh1 Rc2 32. Qd1 Qb3 33. h5 Kg7 34. bxa5 Nc3 35. Qd3 Qb2 36. Qe3 Ne4 37. Nxe4 dxe4 38. Qxe4 Rxf2+ 39. Kh3 Rc8 40. Rhb1 Qc3 41. Rf1 bxa5 42. Rxf2 Qxa1 43. hxg6 Qh1+ 44. Rh2 Qf1+ 45. Rg2 Qh1+ 46. Rh2 Qf1+ 47. Rg2 Qh1+ 1/2-1/2

[Event "Keres Memorial rap 31st"]
[Site "Tallinn"]
[Date "2022.09.11"]
[Round "8"]
[White "Volodin, Aleksandr"]
[Black "Blomqvist, Erik"]
[Result "1/2-1/2"]
[WhiteElo "2429"]
[BlackElo "2523"]
[PlyCount "65"]
[EventDate "2022.09.10"]
[EventType "swiss (rapid)"]
[EventRounds "11"]
[EventCountry "EST"]
[SourceTitle "CBM 210 Extra"]
[Source "ChessBase"]
[SourceDate "2022.11.30"]
[SourceVersion "1"]
[SourceVersionDate "2022.11.30"]
[SourceQuality "1"]

1. d4 d5 2. c4 dxc4 3. Nf3 Nf6 4. e3 e6 5. Bxc4 c5 6. 0-0 a6 7. a4 cxd4 8. exd4 Nc6 9. Nc3 Be7 10. Re1 0-0 11. h3 Bd7 12. Be3 Rc8 13. Qe2 Na5 14. Bd3 Nc6 15. Ne5 Nb4 16. Bb1 Bc6 17. Nxc6 Rxc6 18. Ne4 Nfd5 19. Rd1 Qc7 20. Nc3 Rxc3 21. bxc3 Nxc3 22. Qe1 Nxd1 23. Qxd1 Qc6 24. Qg4 f5 25. Qd1 Rd8 26. Ra3 Nd5 27. Rd3 Nc3 28. Qb3 Nxb1 29. Qxb1 Qxa4 30. Qxb7 Bf6 31. Qb6 Qc4 32. Rd1 h6 33. Rc1 1/2-1/2

[Event "Keres Memorial rap 31st"]
[Site "Tallinn"]
[Date "2022.09.11"]
[Round "11"]
[White "Volodin, Aleksandr"]
[Black "Novik, Maxim"]
[Result "1/2-1/2"]
[WhiteElo "2429"]
[BlackElo "2412"]
[PlyCount "20"]
[EventDate "2022.09.10"]
[EventType "swiss (rapid)"]
[EventRounds "11"]
[EventCountry "EST"]
[SourceTitle "CBM 210 Extra"]
[Source "ChessBase"]
[SourceDate "2022.11.30"]
[SourceVersion "1"]
[SourceVersionDate "2022.11.30"]
[SourceQuality "1"]

1. d4 Nf6 2. c4 e6 3. Nf3 d5 4. g3 Be7 5. Bg2 0-0 6. 0-0 c6 7. Qc2 Nbd7 8. Rd1 b6 9. Ne5 Bb7 10. Bf4 Nb8 1/2-1/2

[Event "Keres Memorial rap 31st"]
[Site "Tallinn"]
[Date "2022.09.10"]
[Round "6"]
[White "Meskovs, Nikita"]
[Black "Volodin, Aleksandr"]
[Result "0-1"]
[WhiteElo "2562"]
[BlackElo "2429"]
[PlyCount "108"]
[EventDate "2022.09.10"]
[EventType "swiss (rapid)"]
[EventRounds "11"]
[EventCountry "EST"]
[SourceTitle "CBM 210 Extra"]
[Source "ChessBase"]
[SourceDate "2022.11.30"]
[SourceVersion "1"]
[SourceVersionDate "2022.11.30"]
[SourceQuality "1"]

1. c4 e6 2. Nf3 d5 3. g3 Nf6 4. Bg2 Be7 5. 0-0 0-0 6. d4 c6 7. Qc2 Nbd7 8. Bf4 Ne4 9. Nc3 g5 10. Bc1 f5 11. Rd1 Rf7 12. e3 Qf8 13. Ne2 Bf6 14. b3 h5 15. Bb2 Qg7 16. Ne1 h4 17. f3 Nd6 18. c5 Ne8 19. e4 dxe4 20. fxe4 Nc7 21. Nf3 h3 22. Bf1 fxe4 23. Qxe4 Nxc5 24. dxc5 Bxb2 25. Rd8+ Rf8 26. Rad1 Nd5 27. Rxf8+ Kxf8 28. Bxh3 Kg8 29. Rf1 Nf6 30. Qc2 Nd5 31. Qd2 Bf6 32. Nfd4 g4 33. Bg2 Bd7 34. Qd3 Rf8 35. Nc2 Be7 36. Rxf8+ Bxf8 37. Qc4 Qg5 38. b4 Bg7 39. a3 Qd2 40. Kf2 Nc3 41. Be4 Nd1+ 42. Kg1 Nb2 43. Bh7+ Kxh7 44. Qe4+ Kg8 45. Ncd4 Nd3 46. Qxg4 Qe3+ 47. Kg2 Qf2+ 48. Kh3 Qf1+ 49. Kh4 Qf6+ 50. Qg5 e5 51. Nc2 e4 52. Ncd4 Ne5 53. Qxf6 Bxf6+ 54. Kh5 Kg7 0-1

[Event "Olympiad-44"]
[Site "Chennai"]
[Date "2022.08.09"]
[Round "11.3"]
[White "Volodin, Aleksandr"]
[Black "Adebayo, Adegboyega"]
[Result "1-0"]
[WhiteElo "2454"]
[BlackElo "2313"]
[PlyCount "113"]
[EventDate "2022.07.29"]
[EventType "team-swiss"]
[EventRounds "11"]
[EventCountry "IND"]
[SourceTitle "CBM 210"]
[Source "ChessBase"]
[SourceDate "2022.10.31"]
[SourceVersion "1"]
[SourceVersionDate "2022.10.31"]
[SourceQuality "1"]
[WhiteTeam "Estonia"]
[BlackTeam "Nigeria"]
[WhiteTeamCountry "EST"]
[BlackTeamCountry "NGR"]

1. d4 d5 2. c4 c6 3. Nf3 e6 4. g3 Nf6 5. Qc2 Nbd7 6. Bg2 b6 7. 0-0 Bb7 8. Nbd2 c5 9. cxd5 Nxd5 10. a3 Rc8 11. e4 cxd4 12. Qa4 N5f6 13. Nxd4 Be7 14. b4 a6 15. Bb2 0-0 16. Rad1 b5 17. Qb3 Qb6 18. Ne2 Rfd8 19. Bd4 Qc7 20. Rc1 Qb8 21. Qb2 e5 22. Bc3 Nb6 23. Qa1 Bd6 24. Bb2 Na4 25. Nc3 Nxb2 26. Qxb2 Bc7 27. Bh3 Nd7 28. Nd5 Bxd5 29. exd5 Bb6 30. Ne4 Bd4 31. Qe2 Rxc1 32. Rxc1 Nb6 33. d6 g6 34. Rc6 f5 35. Qa2+ Nc4 36. Nd2 Rxd6 37. Nxc4 bxc4 38. Qxc4+ Kg7 39. Rc7+ Kh6 40. Qf7 Qh8 41. Qe7 Rf6 42. Bf1 g5 43. Rd7 Rg6 44. Bc4 Qg7 45. Bf7 Rf6 46. Rd6 e4 47. Rxd4 Rxf7 48. Rd6+ Kh5 49. Qe6 Qf8 50. h3 g4 51. h4 Re7 52. Qc4 Qg7 53. Kg2 Re5 54. Qd4 Re7 55. Qe3 h6 56. Qf4 Qf8 57. Rxh6+ 1-0

[Event "Olympiad-44"]
[Site "Chennai"]
[Date "2022.08.06"]
[Round "8.2"]
[White "Volodin, Aleksandr"]
[Black "Perez Ponsa, Federico"]
[Result "1/2-1/2"]
[WhiteElo "2454"]
[BlackElo "2554"]
[PlyCount "136"]
[EventDate "2022.07.29"]
[EventType "team-swiss"]
[EventRounds "11"]
[EventCountry "IND"]
[SourceTitle "CBM 210"]
[Source "ChessBase"]
[SourceDate "2022.10.31"]
[SourceVersion "1"]
[SourceVersionDate "2022.10.31"]
[SourceQuality "1"]
[WhiteTeam "Estonia"]
[BlackTeam "Argentina"]
[WhiteTeamCountry "EST"]
[BlackTeamCountry "ARG"]

1. d4 Nf6 2. c4 e6 3. g3 d5 4. Bg2 Bb4+ 5. Bd2 a5 6. a3 Be7 7. Qc2 0-0 8. Nf3 Nbd7 9. 0-0 c6 10. Bf4 b6 11. Nbd2 Ba6 12. Rfe1 Nh5 13. Be5 Rc8 14. e4 Nxe5 15. dxe5 d4 16. Nb3 c5 17. Nc1 g6 18. a4 Bb7 19. Nd3 f5 20. exf6 Bxf6 21. e5 Be7 22. Qe2 Qd7 23. Nd2 Bxg2 24. Kxg2 Qc6+ 25. Kg1 Rf7 26. Qg4 Rcf8 27. Re4 Ng7 28. b3 Rf5 29. Re2 g5 30. h3 h5 31. Qe4 Qxe4 32. Rxe4 Kh7 33. Kg2 Kg6 34. Rf1 R5f7 35. g4 Ne8 36. Re2 Nc7 37. f3 Na6 38. Ne4 Nb4 39. Nxb4 axb4 40. Ra2 hxg4 41. hxg4 Ra8 42. Nf2 Rh7 43. Rfa1 Bd8 44. Nd3 Bc7 45. Rh1 Rxh1 46. Kxh1 Bd8 47. Kg2 Be7 48. Rf2 Rh8 49. Rf1 Rh7 50. a5 bxa5 51. Ra1 Bd8 52. Nxc5 Bb6 53. Nxe6 Re7 54. f4 gxf4 55. Nxf4+ Kg5 56. Nd5 Rxe5 57. Nxb6 Kxg4 58. Rd1 Re2+ 59. Kf1 Re3 60. Rxd4+ Kf3 61. c5 Rxb3 62. Ke1 Ke3 63. Rd1 Ke4 64. Rc1 Rh3 65. Rd1 b3 66. Nc4 Rh1+ 67. Kd2 Rxd1+ 68. Kxd1 Kd5 1/2-1/2

[Event "EST Masters"]
[Site "Tornelo INT"]
[Date "2022.02.12"]
[Round "2.2"]
[White "Kulaots, Kaido"]
[Black "Volodin, Aleksandr"]
[Result "1-0"]
[WhiteElo "2527"]
[BlackElo "2466"]
[PlyCount "77"]
[EventDate "2022.02.11"]
[EventType "k.o. (rapid)"]
[EventRounds "3"]
[EventCountry "EST"]
[SourceTitle "CBM 206 Extra"]
[Source "ChessBase"]
[SourceDate "2022.03.31"]
[SourceVersion "1"]
[SourceVersionDate "2022.03.31"]
[SourceQuality "1"]

1. e4 c5 2. Nf3 d6 3. d4 cxd4 4. Nxd4 Nf6 5. Nc3 a6 6. h3 e5 7. Nb3 h6 8. Be3 Be7 9. Qf3 Qc7 10. 0-0-0 Be6 11. g4 Nbd7 12. Qg2 Rc8 13. f4 exf4 14. Bxf4 Ne5 15. Kb1 b5 16. Nd5 Nxd5 17. exd5 Bd7 18. Nd4 Bf6 19. g5 hxg5 20. Bxg5 Qd8 21. Bxf6 Qxf6 22. Be2 g6 23. Qg3 Rc5 24. Nb3 Rc8 25. h4 Bf5 26. Nd4 Be4 27. Rh2 Bxd5 28. Nxb5 Bxa2+ 29. Kxa2 axb5 30. Bxb5+ Kf8 31. Kb1 Rb8 32. Rf1 Qe6 33. Ba4 Rh5 34. Bb3 Qe7 35. Rhf2 Qxh4 36. Rxf7+ Nxf7 37. Qxg6 Ke8 38. Qxf7+ Kd8 39. Qa7 1-0

[Event "EST Masters"]
[Site "Tornelo INT"]
[Date "2022.02.12"]
[Round "2.6"]
[White "Kulaots, Kaido"]
[Black "Volodin, Aleksandr"]
[Result "0-1"]
[WhiteElo "2527"]
[BlackElo "2466"]
[PlyCount "100"]
[EventDate "2022.02.11"]
[EventType "k.o. (rapid)"]
[EventRounds "3"]
[EventCountry "EST"]
[SourceTitle "CBM 206 Extra"]
[Source "ChessBase"]
[SourceDate "2022.03.31"]
[SourceVersion "1"]
[SourceVersionDate "2022.03.31"]
[SourceQuality "1"]

1. e4 c5 2. Nf3 d6 3. Bb5+ Nc6 4. 0-0 a6 5. Bxc6+ bxc6 6. e5 d5 7. h3 Nh6 8. d3 Nf5 9. c4 e6 10. Nc3 Be7 11. b3 0-0 12. Na4 f6 13. Re1 Nd4 14. Ba3 Nxf3+ 15. Qxf3 fxe5 16. Qe3 e4 17. dxe4 d4 18. Qd2 e5 19. Bxc5 Bxc5 20. Nxc5 Ra7 21. Nd3 Qf6 22. Qa5 Re7 23. Qc5 Re6 24. Kh2 Qh4 25. g3 Qh5 26. h4 Qf3 27. Rad1 Qg4 28. Kg1 Qh5 29. Rd2 Rf3 30. Nb4 Rg6 31. Nxc6 Rgxg3+ 32. fxg3 Rxg3+ 33. Rg2 Rxg2+ 34. Kxg2 Qg4+ 35. Kf2 Qxh4+ 36. Ke2 Bg4+ 37. Kd3 Qg3+ 38. Kc2 Qc3+ 39. Kb1 Qxe1+ 40. Kb2 Qf2+ 41. Ka3 h5 42. Nxe5 Qf6 43. Nxg4 hxg4 44. Qc8+ Qf8+ 45. Qxf8+ Kxf8 46. c5 g3 47. c6 Ke7 48. e5 g2 49. c7 Kd7 50. e6+ Kxc7 0-1

[Event "EST Masters"]
[Site "Tornelo INT"]
[Date "2022.02.12"]
[Round "2.3"]
[White "Volodin, Aleksandr"]
[Black "Kulaots, Kaido"]
[Result "1-0"]
[WhiteElo "2466"]
[BlackElo "2527"]
[PlyCount "257"]
[EventDate "2022.02.11"]
[EventType "k.o. (rapid)"]
[EventRounds "3"]
[EventCountry "EST"]
[SourceTitle "CBM 206 Extra"]
[Source "ChessBase"]
[SourceDate "2022.03.31"]
[SourceVersion "1"]
[SourceVersionDate "2022.03.31"]
[SourceQuality "1"]

1. d4 Nf6 2. c4 e6 3. Nf3 Bb4+ 4. Bd2 a5 5. g3 d6 6. Bg2 Nbd7 7. 0-0 e5 8. e3 Bxd2 9. Qxd2 0-0 10. Nc3 c6 11. e4 a4 12. Rad1 Qa5 13. Qc2 Qb4 14. Nb1 Re8 15. Rfe1 exd4 16. Rxd4 Ne5 17. Qd2 Qc5 18. Na3 Bg4 19. Nh4 Be6 20. Rc1 Red8 21. h3 Qb6 22. f4 Ng6 23. Nxg6 hxg6 24. Kh2 Ne8 25. Rd1 Rdc8 26. g4 Qc5 27. f5 Qe5+ 28. Kh1 Bd7 29. Qc2 b5 30. fxg6 fxg6 31. c5 Rd8 32. cxd6 Rac8 33. b4 axb3 34. axb3 Nf6 35. b4 Be6 36. Qc5 Nd7 37. Qc3 Rf8 38. Nc2 Rf2 39. Ne1 Rcf8 40. R4d3 Qxc3 41. Rxc3 Bc4 42. Kg1 Rb2 43. Nf3 Re8 44. e5 Bd5 45. Rxd5 cxd5 46. Rc7 Nf8 47. d7 Rd8 48. Ng5 Rxd7 49. Rc8 Rd2 50. Ne6 Kf7 51. Nxf8 Ra7 52. e6+ Ke7 53. Nxg6+ Kxe6 54. Nf4+ Ke5 55. Nxd5 Raa2 56. Re8+ Kd4 57. Ne3 Re2 58. Nf5+ Kc3 59. Rxe2 Rxe2 60. Bf1 Re5 61. Nd6 Kxb4 62. Kf2 Kc5 63. Nxb5 Kd5 64. Nc3+ Kd4 65. Ne2+ Ke4 66. Bg2+ Kd3 67. Nf4+ Kd4 68. Bf3 g5 69. Ne2+ Kd3 70. Ng3 Ra5 71. Nf5 Ra3 72. Bc6 Kc4 73. Bg2 Kd3 74. Nd6 Ra5 75. Nf7 Kd4 76. Bf3 Rc5 77. Kg3 Ke3 78. Nd6 Kd4 79. Nf5+ Ke5 80. Ne3 Rc3 81. Ng2 Ra3 82. Ne1 Rc3 83. Kf2 Ra3 84. Ng2 Ra2+ 85. Kg3 Ra3 86. h4 gxh4+ 87. Nxh4 Rb3 88. g5 Rb4 89. Bg4 Kd6 90. Nf3 Ke7 91. Bf5 Ra4 92. Ne5 Kf8 93. Kf3 Kg7 94. Be4 Ra1 95. Kf4 Ra2 96. Ng4 Ra6 97. Ne3 Ra1 98. Nf5+ Kg6 99. Ng3+ Kg7 100. Nh5+ Kg8 101. Bd5+ Kh7 102. Be4+ Kg8 103. Bf5 Rh1 104. Bg4 Kf7 105. Bf3 Ra1 106. Be4 Rf1+ 107. Ke5 Rg1 108. Kf5 Kf8 109. Kf6 Rf1+ 110. Bf5 Rg1 111. Ng7 Rxg5 112. Ne6+ Ke8 113. Nxg5 Kd8 114. Ke5 Kc7 115. Kd5 Kb6 116. Bd3 Ka5 117. Kc5 Ka4 118. Ne4 Kb3 119. Kb5 Kb2 120. Kb4 Ka2 121. Bc4+ Kb2 122. Bb3 Kc1 123. Kc3 Kb1 124. Nf2 Kc1 125. Nd3+ Kb1 126. Nb4 Kc1 127. Nc2 Kb1 128. Bc4 Kc1 129. Ba2 1-0

[Event "EST Masters"]
[Site "Tornelo INT"]
[Date "2022.02.12"]
[Round "2.5"]
[White "Volodin, Aleksandr"]
[Black "Kulaots, Kaido"]
[Result "0-1"]
[WhiteElo "2466"]
[BlackElo "2527"]
[PlyCount "84"]
[EventDate "2022.02.11"]
[EventType "k.o. (rapid)"]
[EventRounds "3"]
[EventCountry "EST"]
[SourceTitle "CBM 206 Extra"]
[Source "ChessBase"]
[SourceDate "2022.03.31"]
[SourceVersion "1"]
[SourceVersionDate "2022.03.31"]
[SourceQuality "1"]

1. d4 Nf6 2. c4 e6 3. Nf3 Bb4+ 4. Bd2 a5 5. g3 d6 6. Bg2 Nbd7 7. 0-0 e5 8. e3 Bxd2 9. Qxd2 0-0 10. Rd1 Re8 11. Nc3 c6 12. dxe5 dxe5 13. Ng5 Qe7 14. b3 Nc5 15. Qd6 Bg4 16. Qxe7 Rxe7 17. Rd2 e4 18. h3 Bf5 19. h4 h6 20. Nh3 Nfd7 21. Nf4 g5 22. hxg5 hxg5 23. Nfe2 Bg4 24. Rd4 f5 25. Rad1 Kf7 26. Rd6 Ne5 27. Rh6 Kg7 28. Rh1 a4 29. b4 Ncd3 30. c5 Nxb4 31. Rd6 Rh8 32. Rxh8 Kxh8 33. Nd4 a3 34. Rd8+ Kg7 35. Ra8 Nbd3 36. Rxa3 Nxc5 37. Ra8 Ne6 38. Nxe6+ Rxe6 39. Ra7 Re7 40. Na4 Rd7 41. Nc3 Kf6 42. Bf1 b5 0-1